Current Trends in Human Genetics and Physical Anthropology/ (Record no. 180026)

MARC details
000 -LEADER
fixed length control field 00564nam a22001817a 4500
005 - DATE AND TIME OF LATEST TRANSACTION
control field 20210722102303.0
010 ## - LCCN (DPL NO)
LC control number ENG-129606
020 ## - INTERNATIONAL STANDARD BOOK NUMBER
International Standard Book Number 978-81-927999-1-9
Terms of availability 1450.00
035 ## - SYSTEM CONTROL NUMBER
System control number EN-113138
037 ## - SOURCE OF ACQUISITION
Source of stock number/acquisition DBAD/PUB
082 ## - DEWEY DECIMAL CLASSIFICATION NUMBER
Classification number 599.9
100 ## - MAIN ENTRY--PERSONAL NAME
Personal name Reddy, V Rami
245 ## - TITLE STATEMENT
Title Current Trends in Human Genetics and Physical Anthropology/
Statement of responsibility, etc by V. Rami Reddy
260 ## - PUBLICATION, DISTRIBUTION, ETC. (IMPRINT)
Place of publication, distribution, etc Tirupati
Name of publisher, distributor, etc V.Indira
Date of publication, distribution, etc 2018
270 ## - ADDRESS
Address 8-30,Vidyanagar,
City Svunt colony, Tirupati
Postal code 517502
300 ## - PHYSICAL DESCRIPTION
Extent 307p.
Dimensions 26cm(pbk)
Other physical details Bibliography
942 ## - ADDED ENTRY ELEMENTS (KOHA)
Source of classification or shelving scheme Dewey Decimal Classification
Item type English Books
Classification part 599.9
Call number suffix RED
Holdings
Withdrawn status Lost status Not for loan Collection code Home library Current library Date acquired Source of acquisition Cost, normal purchase price Full call number Barcode Copy number Cost, replacement price Koha item type
      Non-fiction Central Library Central Library 22/07/2021 DBAD/PUB 1450.00 599.9 RED EN-113138 1 1450.00 English Books

© Delhi Public Library
Hit Counter
free hit counter